000 00786cas a2200205 a 4500
001 000016365
005 20200929164407.0
008 830624c19829999dr qr 0 b0spa
040 _aDO-SdBNP
_cspa
043 _anwdr---
245 0 0 _aInvivienda :
_bÓrgano de difusión del Instituto Nacional de la Vivienda, INVI, República Dominicana.
260 _a[Santo Domingo] :
_bInstituto Nacional de la Vivienda (INVI),
_c1982-.
300 _av. :
_bil. ;
_c27 cm.
310 _aTrimestral
362 0 _aAño 1. No.
500 _aTítulo tomado de cubierta
650 4 _aViviendas
_zRepública Dominicana
_vPUBLICACIONES PERIÓDICAS
_936494
650 4 _aPolítica de vivienda
_zRepública Dominicana
_vPUBLICACIONES PERIÓDICAS
_936495
710 2 _aInstituto Nacional de la Vivienda
_936496
999 _c15900
_d15900